00684nam a2200229 a 450000100060000000300080000600500170001400800410003103500190007204000270009104100080011808200240012610000320015024501100018226000390029230000260033150000190035750500130037665000260038970000190041570000200043455325BD-RjUL20211209080240.0111116s1963 enk 000 0 eng  a(BD-RjUL)55447 aDLCcDLCdBD-RjULbeng aeng 223a515.1bBEC 19631 aBermant, Anisim Fedorovich.12aA course of mathematical analysis /cAnisim Fedorovič Bermant, Translated by D. E. Brown, I. N. Sneddon aNew York :bPergamon Press,c1963. aPt. :bill. ;c23 cm. aIncludes Index0 aPt. 2 -- aMathematical analysis aBrown, D. E.  aSneddon, I. N.